| 000 | 00456nam a2200193Ia 4500 | ||
|---|---|---|---|
| 003 | 0100 | ||
| 008 | 130303s9999 xx 000 0 und d | ||
| 040 | _cARRUPELIB | ||
| 050 | _aQA273.L32 1952 | ||
| 100 | _aSimon, Pierre | ||
| 245 | 2 | _aA philosophical essay on probabilities | |
| 260 | _aNew York | ||
| 260 | _bDover Publications | ||
| 260 | _C1951 | ||
| 300 | _a196p. | ||
| 300 | _b 23 cm. | ||
| 700 | _aLaplace, Marquis de | ||
| 942 |
_2lcc _05 |
||
| 999 |
_c59299 _d59299 |
||